00725nam a22001937a 450000500170000001000150001702000230003203500140005503700090006908200100007824501320008826000540022027000340027430000200030870000340032894200240036299900190038695201260040520250904130550.0 aENG-146643 a9788198408761c400 aEN-130175 bDBAD a808.8 aUnfolding Northeast India :cEditor by Dharmendra Kumar BaruahbA Collection Of Scholarly Essays On Literature From The Region/ aAssambManoj Kumar Hazarika, Tezpur Collegec2025 aTezpur CollegebAssame784001 a164p.c22cm(hb) aBaruah, Dharmendra Kr.984763 2ddccENh808.8mUNF c213335d213335 001040708NFICaMbMd2025-09-04eDBADg400.00l0o808.8 UNFpEN-130175r2025-09-04 00:00:00t1v400.00w2025-09-04yEN